Statistics for 2020-21 Serie A Map Quiz

Click here to take the quiz!

General Stats

  • This quiz has been taken 153 times
  • The average score is 10 of 16

Answers on the Map

Answers color-coded by a green-red scale on the quiz's map according to % correct below.
 

Answer Stats

Answer% Correct
AS Roma, Lazio
88%
Juventus, Torino
84%
Cagliari
78%
Napoli
78%
AC Milan, Inter Milan
77%
Genoa, Sampdoria
71%
Fiorentina
67%
Atalanta BC
62%
Bologna
57%
Udinese
56%
Hellas Verona
51%
Spezia
50%
Benevento
49%
Crotone
47%
Parma
38%
Sassuolo
31%

Score Distribution

Percentile by Number Answered

Percent of People with Each Score

Your Score History

You have not taken this quiz